| 000 | 00519nam a22001817a 4500 | ||
|---|---|---|---|
| 008 | 131030b xxu||||| |||| 00| 0 ger d | ||
| 020 | _a9783706544092 | ||
| 041 | 0 | _ager | |
| 080 | _a316.722:004 | ||
| 100 | 1 | _aGünther, Johann | |
| 245 |
_aDigital natives & digital immigrants / _cJohann Günther |
||
| 260 |
_aWien : _bStudien Verlag ; _c2007. |
||
| 300 |
_a215 f. : _bme il. ; _c20 cm. |
||
| 500 | _aVorwort : f. 7-8 | ||
| 505 | _aLiteratur : f. 211-215 | ||
| 650 | 0 | _aTeknologjia dhe qytetërimi | |
| 942 |
_2udc _cBK |
||
| 999 |
_c218 _d218 |
||